000 00258nam a2200097Ia 4500
001 692272
005 20260217135528.0
008 250824s9999 xx 000 0 und d
245 0 _aDOĞU YAKASI (ANTİK YENİ)
_cJACK LONDON
260 _bANTİK DÜNYA KLASİKLERİ
999 _c692272
_d692272